|
|
|
|
| LEADER |
00697cam a2200205 7i4500 |
| 001 |
0000129052 |
| 005 |
20170528090000.0 |
| 008 |
170418 -us eng |
| 020 |
# |
0 |
|a 9789814350488
|
| 020 |
# |
0 |
|a 9814350486
|
| 090 |
0 |
0 |
|a QL 955
|b .G6 2017
|
| 100 |
1 |
# |
|a Gordon, Natalie K.
|
| 245 |
1 |
0 |
|a Embryogenesis Explained
|c by Natalie K. Gordon, Richard Gordon..
|
| 260 |
# |
# |
|a New Jersey:
|b World Scientific,
|c 2017.
|
| 300 |
# |
# |
|a xxiii, 759 p.:
|b ill. (some color);
|c 24 cm..
|
| 504 |
0 |
0 |
|a Includes bibliographical references and index
|
| 590 |
# |
# |
|a Perpustakaan Sultanah Nur Zahirah
|
| 650 |
0 |
0 |
|a Embryology
|
| 700 |
1 |
1 |
|a Gordon, Richard,
|
| 999 |
|
|
|a 1100099914
|b Book
|c Open Shelf
|e KOLEKSI TERBUKA
|